Anciens drapeaux de pays - Statistiques

Statistiques générales
  • Ce quiz a été pris 198 fois
  • Le résultat moyen est 12 sur 20
Statistiques - réponses
Par images Réponse % Correct
Espagne
89%
Pays-Bas
87%
Colombie
83%
Allemagne
81%
France
81%
Portugal
80%
Mongolie
71%
Afrique du Sud
65%
Canada
63%
Suisse
62%
Grèce
59%
Russie
54%
République démocratique du Congo
51%
Brésil
49%
Pérou
48%
Chine
38%
Afghanistan
34%
Birmanie
23%
Belgique
19%
Irak
16%
Aucun quiz correspondant
Distribution des résultats
% des personnes avec chaque résultat
Percentile par nombre de réponses
Votre historique - résultats
Vous n’avez pas pris ce quiz